000
00270nam a2200097 a 4500
005
20200930062942.0
008
110627s2004 000 spa d
245
0
_a
Orden No. 54 de la Secretaría de Justicia e Instrucción Pública.
260
_c
[s.f.].
999
_c
30960
_d
30960
040
_a
DO-SdBNP